000 00720nam a22002177a 4500
003 UA-OsUOA
001 102877
007 ta
008 20131007b un ||||| |||| 00| 0 ukr d
100 _aБоженко С.
090 _a81
_bБ76
942 _cSA
040 _aUA-OsUOA
_bukr
_cUA-OsUOA
_dUA-OsUOA
245 _aЕфективні методи та прийоми навчання орфографії й пунктуації
300 _aС.4-11
955 _a0
041 _aukr
080 _a81
773 0 _w102876
_tУкраїнська мова та література
_dК.
_d2013
_g16
650 7 _a8 Мовознавство. Художня література. Літературознавство
_2UDC
999 _c388903
_d388903